000 01220nam a2200373 c 4500
001 5442
003 ES-MaCES
005 20141221121800.0
008 970430s1997 sp d ||| | eng d
017 _aM. 1161-1997
_bDL
020 _a8477935270
035 _aCES19980054841m
040 _aES-MaCES
_bspa
_cES-MaCES
100 1 _aFranks, Jeffrey
_912373
245 1 0 _aLabor market policies and unemployment dynamics in Spain
_cJeffrey Franks
260 _a[Madrid]
_bBanco de España, Servicio de Estudios
_c[1997]
300 _a58 p.
_bgráf.
_c24 cm
490 1 _aDocumento de trabajo
_v9708
504 _aBibliografía: p. 57-58
541 _cGratuito
650 4 _amercado de trabajo
_928292
650 4 _apolítica laboral
_928290
650 4 _adesempleo
_928308
650 4 _amano de obra
_928295
650 4 _aEspaña
_926964
650 4 _amodelo matemático
_929432
650 4 _adatos estadísticos
_930765
653 1 0 _aEmpleo
710 1 _aBanco de España
_bServicio de Estudios
_eed.
_91590
830 0 _aDocumentos de trabajo (Banco de España. Servicio de Estudios)
_v9704
_932242
902 _aDOC Literatura gris
942 _2CES
_cBK
_h2.1.
999 _c5442
_d5442